[Event "Campionat de Catalunya 2021 Sub 10-14"]
[Site "Salou"]
[Date "2021.03.31"]
[Round "8.1"]
[White "Valle Luis, Leo"]
[Black "Ribera Veganzones, Serni"]
[Result "1/2-1/2"]
[WhiteFideId "54577187"]
[BlackFideId "6900860"]
[WhiteElo "1706"]
[BlackElo "2010"]

1. e4 {[%clk 01:30:55]} {[%emt 00:00:04]} c5 {[%clk 01:30:51]} {[%emt
00:00:10]} 2. Nf3 {[%clk 01:31:18]} {[%emt 00:00:06]} Nc6 {[%clk 01:31:15]}
{[%emt 00:00:07]} 3. d4 {[%clk 01:31:43]} {[%emt 00:00:05]} cxd4 {[%emt
00:00:14]} 4. Nxd4 {[%clk 01:32:02]} {[%emt 00:00:08]} Nf6 {[%clk 01:31:13]}
{[%emt 00:00:51]} 5. Nc3 {[%clk 01:32:25]} {[%emt 00:00:07]} e6 {[%clk
01:30:52]} {[%emt 00:00:51]} 6. Ndb5 {[%clk 01:31:00]} {[%emt 00:01:54]} d6
{[%clk 01:30:09]} {[%emt 00:01:14]} 7. Bf4 {[%clk 01:31:20]} {[%emt 00:00:10]}
e5 {[%clk 01:30:16]} {[%emt 00:00:24]} 8. Bg5 {[%clk 01:31:43]} {[%emt
00:00:06]} a6 {[%clk 01:30:33]} {[%emt 00:00:13]} 9. Na3 {[%clk 01:32:08]}
{[%emt 00:00:05]} b5 {[%clk 01:30:57]} {[%emt 00:00:07]} 10. Nd5 {[%clk
01:32:19]} {[%emt 00:00:19]} Be7 {[%clk 01:31:18]} {[%emt 00:00:09]} 11. Bxf6
{[%clk 01:32:20]} {[%emt 00:00:30]} Bxf6 {[%clk 01:31:40]} {[%emt 00:00:07]} 12.
c4 {[%clk 01:30:45]} {[%emt 00:02:05]} b4 {[%clk 01:31:09]} {[%emt 00:01:01]}
13. Nc2 {[%clk 01:31:07]} {[%emt 00:00:09]} a5 {[%clk 01:31:07]} {[%emt
00:00:32]} 14. Be2 {[%clk 01:30:56]} {[%emt 00:00:41]} Bg5 {[%clk 01:30:01]}
{[%emt 00:01:35]} 15. Qd3 {[%clk 01:28:50]} {[%emt 00:02:36]} O-O {[%clk
01:28:24]} {[%emt 00:02:07]} 16. Rd1 {[%clk 01:26:14]} {[%emt 00:03:05]} Be6
{[%clk 01:27:03]} {[%emt 00:01:51]} 17. O-O {[%clk 01:25:54]} {[%emt 00:00:50]}
Rb8 {[%clk 01:26:11]} {[%emt 00:01:22]} 18. b3 {[%clk 01:24:33]} {[%emt
00:01:52]} Kh8 {[%clk 01:16:15]} {[%emt 00:10:26]} 19. f4 {[%clk 01:23:10]}
{[%emt 00:01:53]} exf4 {[%clk 01:15:09]} {[%emt 00:01:36]} 20. Nxf4 {[%clk
01:23:30]} {[%emt 00:00:10]} Bxf4 {[%clk 01:09:43]} {[%emt 00:05:56]} 21. Rxf4
{[%clk 01:23:50]} {[%emt 00:00:10]} Qg5 {[%clk 01:08:16]} {[%emt 00:01:57]} 22.
Rdf1 {[%clk 01:23:25]} {[%emt 00:00:54]} Qc5+ {[%clk 01:08:01]} {[%emt
00:00:46]} 23. Kh1 {[%clk 01:21:58]} {[%emt 00:01:58]} Ra8 {[%clk 01:04:34]}
{[%emt 00:03:57]} 24. Rh4 {[%clk 01:21:25]} {[%emt 00:01:01]} Ne5 {[%clk
01:04:16]} {[%emt 00:00:49]} 25. Qd2 {[%clk 01:21:30]} {[%emt 00:00:25]} Rfb8
{[%clk 00:59:00]} {[%emt 00:05:46]} 26. Nd4 {[%clk 01:02:00]} {[%emt 00:20:00]}
a4 {[%clk 00:30:46]} {[%emt 00:28:45]} 27. Nf5 {[%clk 01:02:09]} {[%emt
00:00:19]} Bxf5 {[%clk 00:28:35]} {[%emt 00:02:42]} 28. exf5 {[%clk 01:02:30]}
{[%emt 00:00:10]} f6 {[%clk 00:28:21]} {[%emt 00:00:44]} 29. Rd4 {[%clk
00:56:38]} {[%emt 00:06:21]} axb3 {[%emt 00:02:50]} 30. axb3 {[%clk 00:56:56]}
{[%emt 00:00:10]} Rb6 {[%clk 00:18:56]} {[%emt 00:07:38]} 1/2-1/2

[Event "Campionat de Catalunya 2021 Sub 10-14"]
[Site "Salou"]
[Date "2021.03.31"]
[Round "8.3"]
[White "Ano Pla, Gerard"]
[Black "Vinuesa Sorli, Ruben"]
[Result "1-0"]
[WhiteFideId "24560561"]
[BlackFideId "24562360"]
[WhiteElo "1975"]
[BlackElo "1857"]

1. d4 {[%clk 01:30:57]} {[%emt 00:00:02]} Nf6 {[%emt 00:00:17]} 2. Bg5 {[%clk
01:31:08]} {[%emt 00:00:10]} g6 {[%clk 01:31:07]} {[%emt 00:00:15]} 3. Bxf6
{[%clk 01:31:33]} {[%emt 00:00:05]} exf6 {[%clk 01:31:27]} {[%emt 00:00:10]} 4.
g3 {[%clk 01:31:58]} {[%emt 00:00:06]} Bg7 {[%clk 01:31:11]} {[%emt 00:00:46]}
5. Bg2 {[%clk 01:32:19]} {[%emt 00:00:08]} O-O {[%clk 01:31:09]} {[%emt
00:00:32]} 6. e3 {[%emt 00:00:29]} f5 {[%clk 01:31:09]} {[%emt 00:00:04]} 7.
Ne2 {[%emt 00:00:50]} c5 {[%emt 00:01:00]} 8. c3 {[%clk 01:33:08]} {[%emt
00:00:04]} d5 {[%clk 01:29:38]} {[%emt 00:01:15]} 9. dxc5 {[%emt 00:07:36]} Qc7
{[%emt 00:03:13]} 10. O-O {[%emt 00:04:34]} Na6 {[%emt 00:10:36]} 11. Nf4
{[%clk 01:11:45]} {[%emt 00:03:21]} Be6 {[%emt 00:09:05]} 12. Nxd5 {[%emt
00:00:57]} Bxd5 {[%clk 01:21:59]} {[%emt 00:00:10]} 13. Qxd5 {[%emt 00:02:35]}
Nxc5 {[%emt 00:11:37]} 14. b4 {[%emt 00:02:28]} Na4 {[%clk 01:18:16]} {[%emt
00:00:06]} 15. Qxb7 {[%clk 00:54:00]} {[%emt 00:00:42]} Qxb7 {[%clk 01:17:44]}
{[%emt 00:01:02]} 16. Bxb7 {[%clk 00:53:52]} {[%emt 00:00:37]} Rab8 {[%emt
00:03:49]} 17. Bd5 {[%emt 00:02:14]} Nxc3 {[%clk 01:13:36]} {[%emt 00:02:55]}
18. Nxc3 {[%clk 00:50:47]} {[%emt 00:00:15]} Bxc3 {[%clk 01:14:02]} {[%emt
00:00:04]} 19. Rac1 {[%emt 00:02:14]} Bxb4 {[%clk 01:11:06]} {[%emt 00:00:20]}
20. Rc7 {[%clk 00:50:25]} {[%emt 00:02:10]} Rb5 21. Bb3 {[%emt 00:03:53]} Bc5
{[%clk 00:59:52]} {[%emt 00:00:45]} 22. Rd1 {[%clk 00:48:27]} Bb6 23. Rb7
{[%emt 00:12:46]} f4 {[%emt 00:00:11]} 24. gxf4 {[%clk 00:47:13]} {[%emt
00:00:46]} g5 25. Rdd7 {[%clk 00:47:06]} {[%emt 00:05:04]} Rf5 26. fxg5 {[%emt
00:00:52]} Rxg5+ {[%clk 00:56:39]} 27. Kf1 {[%emt 00:01:26]} Rf5 {[%emt
00:00:05]} 28. Ke2 {[%clk 00:39:12]} {[%emt 00:01:13]} Kg7 29. f4 {[%emt
00:12:32]} Re8 {[%emt 00:07:53]} 30. Bxf7 {[%clk 00:32:09]} {[%emt 00:04:31]}
Rxe3+ 31. Kd2 {[%emt 00:06:21]} Ra3 {[%emt 00:09:25]} 32. Bb3+ {[%emt
00:00:52]} Kg6 {[%emt 00:01:21]} 33. Rd6+ {[%clk 00:22:57]} {[%emt 00:00:47]}
Kh5 34. Bd1+ {[%emt 00:01:11]} Rf3 {[%clk 00:41:10]} 35. Bxf3+ {[%emt
00:00:07]} Kh4 {[%clk 00:41:35]} {[%emt 00:00:02]} 36. Rxh7+ {[%emt 00:00:05]}
Rh5 {[%clk 00:41:49]} {[%emt 00:00:14]} 37. Rxh5# {[%emt 00:00:19]} 1-0

[Event "Campionat de Catalunya 2021 Sub 10-14"]
[Site "Salou"]
[Date "2021.03.31"]
[Round "8.4"]
[White "Salinas Tomas, Daniel"]
[Black "Uber Gracia, Hugo"]
[Result "1-0"]
[WhiteFideId "24597716"]
[BlackFideId "54720079"]
[WhiteElo "2024"]
[BlackElo "1691"]

1. e4 {[%clk 01:30:55]} {[%emt 00:00:03]} e6 {[%clk 01:30:44]} {[%emt
00:00:17]} 2. Nf3 {[%clk 01:31:18]} {[%emt 00:00:07]} d5 {[%clk 01:30:58]}
{[%emt 00:00:15]} 3. Nc3 {[%clk 01:31:40]} {[%emt 00:00:08]} Nf6 {[%clk
01:28:14]} {[%emt 00:03:14]} 4. e5 {[%clk 01:31:57]} {[%emt 00:00:13]} Nfd7
{[%clk 01:27:18]} {[%emt 00:01:26]} 5. Ne2 {[%clk 01:31:18]} {[%emt 00:01:09]}
c5 {[%clk 01:26:26]} {[%emt 00:01:21]} 6. c3 {[%clk 01:31:10]} {[%emt
00:00:38]} Nc6 {[%clk 01:24:23]} {[%emt 00:02:33]} 7. d4 {[%clk 01:31:20]}
{[%emt 00:00:20]} cxd4 {[%clk 01:21:18]} {[%emt 00:03:33]} 8. cxd4 {[%clk
01:31:44]} {[%emt 00:00:06]} Be7 {[%clk 01:16:19]} {[%emt 00:05:30]} 9. a3
{[%clk 01:31:55]} {[%emt 00:00:20]} b6 {[%clk 01:10:45]} {[%emt 00:06:03]} 10.
Nf4 {[%clk 01:31:38]} {[%emt 00:00:47]} a5 {[%clk 01:08:04]} {[%emt 00:03:13]}
11. h4 {[%clk 01:30:16]} {[%emt 00:01:52]} Ba6 {[%clk 01:05:50]} {[%emt
00:02:43]} 12. Bxa6 {[%clk 01:29:44]} {[%emt 00:01:02]} Rxa6 {[%clk 01:06:00]}
{[%emt 00:00:20]} 13. Be3 {[%clk 01:26:43]} {[%emt 00:03:30]} a4 {[%clk
01:02:42]} {[%emt 00:03:49]} 14. Kf1 {[%clk 01:24:56]} {[%emt 00:02:16]} b5
{[%clk 00:59:11]} {[%emt 00:04:01]} 15. Ng5 {[%clk 01:20:55]} {[%emt 00:04:30]}
Bxg5 {[%clk 00:57:45]} {[%emt 00:01:57]} 16. hxg5 {[%clk 01:21:23]} {[%emt
00:00:02]} g6 {[%clk 00:57:22]} {[%emt 00:00:53]} 17. g3 {[%clk 01:18:55]}
{[%emt 00:02:59]} Ne7 {[%clk 00:56:00]} {[%emt 00:01:51]} 18. g4 {[%clk
01:16:49]} {[%emt 00:02:36]} Nb6 {[%clk 00:52:04]} {[%emt 00:04:26]} 19. b3
{[%clk 01:12:30]} {[%emt 00:04:49]} Nc6 {[%clk 00:49:05]} {[%emt 00:03:29]} 20.
Nd3 {[%clk 01:09:31]} {[%emt 00:03:29]} Nd7 {[%clk 00:46:27]} {[%emt 00:03:09]}
21. Kg2 {[%clk 01:07:00]} {[%emt 00:02:59]} Qb6 {[%clk 00:44:00]} {[%emt
00:02:58]} 22. b4 {[%clk 01:06:02]} {[%emt 00:01:29]} Qc7 {[%clk 00:36:58]}
{[%emt 00:07:33]} 23. f4 {[%clk 01:03:51]} {[%emt 00:02:40]} Nb6 {[%clk
00:35:43]} {[%emt 00:01:45]} 24. Nc5 {[%clk 01:03:49]} {[%emt 00:00:31]} Ra8
{[%clk 00:35:24]} {[%emt 00:00:48]} 25. Qd3 {[%clk 01:02:10]} {[%emt 00:02:10]}
Nc4 {[%clk 00:34:29]} {[%emt 00:01:26]} 26. Rh6 {[%clk 01:01:13]} {[%emt
00:01:27]} Kf8 {[%clk 00:21:50]} {[%emt 00:13:10]} 27. Rah1 {[%clk 00:59:40]}
{[%emt 00:02:03]} Kg7 {[%clk 00:20:55]} {[%emt 00:01:26]} 28. Bf2 {[%clk
00:58:46]} {[%emt 00:01:24]} Qc8 {[%clk 00:14:12]} {[%emt 00:07:12]} 29. Qh3
{[%clk 00:56:46]} {[%emt 00:02:28]} Qg8 {[%clk 00:10:34]} {[%emt 00:04:11]} 30.
Nd7 {[%clk 00:55:24]} {[%emt 00:01:52]} Rc8 {[%clk 00:10:12]} {[%emt 00:00:52]}
31. f5 {[%clk 00:53:05]} {[%emt 00:02:49]} f6 {[%clk 00:06:56]} {[%emt
00:03:47]} 32. gxf6+ {[%clk 00:52:50]} {[%emt 00:00:45]} Kf7 {[%clk 00:07:14]}
{[%emt 00:00:12]} 33. fxe6+ {[%clk 00:53:01]} {[%emt 00:00:19]} Kxe6 {[%clk
00:07:06]} {[%emt 00:00:38]} 34. g5+ {[%clk 00:53:23]} {[%emt 00:00:08]} Kf7
{[%clk 00:07:25]} {[%emt 00:00:11]} 35. e6+ {[%clk 00:53:30]} {[%emt 00:00:24]}
Ke8 {[%clk 00:07:49]} {[%emt 00:00:05]} 36. f7+ {[%clk 00:53:53]} {[%emt
00:00:07]} 1-0

[Event "Campionat de Catalunya 2021 Sub 10-14"]
[Site "Salou"]
[Date "2021.03.31"]
[Round "8.5"]
[White "Linca Linca, Felix Antonio"]
[Black "Lazaro Del Arco, Martina"]
[Result "1-0"]
[WhiteFideId "54764998"]
[BlackFideId "54567963"]
[WhiteElo "1305"]
[BlackElo "1383"]

1. e4 {[%clk 01:30:53]} {[%emt 00:00:06]} d6 {[%clk 01:30:53]} {[%emt
00:00:07]} 2. Nf3 {[%clk 01:30:34]} {[%emt 00:00:48]} g6 {[%clk 01:29:41]}
{[%emt 00:01:43]} 3. d4 {[%clk 01:29:24]} {[%emt 00:01:40]} Bg7 {[%clk
01:27:29]} {[%emt 00:02:41]} 4. Be3 {[%clk 01:28:43]} {[%emt 00:01:12]} Nd7
{[%clk 01:19:35]} {[%emt 00:08:24]} 5. Bc4 {[%clk 01:26:17]} {[%emt 00:02:56]}
e6 {[%clk 01:16:06]} {[%emt 00:04:00]} 6. Nc3 {[%clk 01:24:23]} {[%emt
00:02:23]} a6 {[%clk 01:13:36]} {[%emt 00:03:00]} 7. Qd2 {[%clk 01:23:28]}
{[%emt 00:01:24]} b5 {[%clk 01:10:47]} {[%emt 00:03:19]} 8. Bb3 {[%clk
01:22:19]} {[%emt 00:01:38]} b4 {[%clk 01:09:48]} {[%emt 00:01:30]} 9. Ne2
{[%clk 01:21:06]} {[%emt 00:01:42]} a5 {[%clk 01:04:20]} {[%emt 00:05:58]} 10.
c4 {[%clk 01:18:14]} {[%emt 00:03:21]} Bb7 {[%clk 01:00:42]} {[%emt 00:04:09]}
11. Ng3 {[%clk 01:14:49]} {[%emt 00:03:55]} Rc8 {[%clk 00:54:39]} {[%emt
00:06:33]} 12. Rd1 {[%clk 01:03:42]} {[%emt 00:11:37]} Ne7 {[%clk 00:46:57]}
{[%emt 00:08:12]} 13. O-O {[%clk 01:01:55]} {[%emt 00:02:17]} O-O {[%clk
00:43:10]} {[%emt 00:04:17]} 14. Bh6 {[%clk 00:59:40]} {[%emt 00:02:45]} Nb6
{[%clk 00:33:29]} {[%emt 00:10:12]} 15. Bxg7 {[%clk 00:58:46]} {[%emt
00:01:23]} Kxg7 {[%clk 00:33:41]} {[%emt 00:00:18]} 16. Qg5 {[%clk 00:58:13]}
{[%emt 00:01:03]} Kh8 {[%clk 00:27:06]} {[%emt 00:07:06]} 17. Qxa5 {[%clk
00:56:00]} {[%emt 00:02:42]} Nc6 {[%clk 00:25:30]} {[%emt 00:02:07]} 18. Qg5
{[%clk 00:55:30]} {[%emt 00:01:00]} Qxg5 {[%clk 00:25:21]} {[%emt 00:00:38]} 19.
Nxg5 {[%clk 00:55:32]} {[%emt 00:00:28]} Na5 {[%clk 00:24:01]} {[%emt
00:01:51]} 20. c5 {[%clk 00:55:14]} {[%emt 00:00:48]} Nbc4 {[%clk 00:21:42]}
{[%emt 00:02:50]} 21. Bxc4 {[%clk 00:54:41]} {[%emt 00:01:01]} Nxc4 {[%clk
00:22:02]} {[%emt 00:00:11]} 22. b3 {[%clk 00:54:13]} {[%emt 00:00:58]} Na3
{[%clk 00:20:07]} {[%emt 00:02:26]} 23. f4 {[%clk 00:53:25]} {[%emt 00:01:17]}
h6 {[%clk 00:18:13]} {[%emt 00:02:25]} 24. Nf3 {[%clk 00:53:16]} {[%emt
00:00:39]} f5 {[%clk 00:18:05]} {[%emt 00:00:38]} 25. Nh4 {[%clk 00:52:52]}
{[%emt 00:00:52]} Kh7 {[%clk 00:16:31]} {[%emt 00:02:05]} 26. exf5 {[%clk
00:52:54]} {[%emt 00:00:28]} exf5 {[%clk 00:16:21]} {[%emt 00:00:42]} 27. Rfe1
{[%clk 00:52:50]} {[%emt 00:00:32]} Rfe8 {[%clk 00:14:39]} {[%emt 00:02:12]} 28.
Kf2 {[%clk 00:52:12]} {[%emt 00:01:08]} Nb5 {[%clk 00:12:12]} {[%emt 00:02:58]}
29. Nf3 {[%clk 00:48:44]} {[%emt 00:03:58]} Nc3 {[%clk 00:10:07]} {[%emt
00:02:35]} 30. Rd2 {[%clk 00:48:26]} {[%emt 00:00:47]} Bxf3 {[%clk 00:06:19]}
{[%emt 00:04:19]} 31. gxf3 {[%clk 00:48:32]} {[%emt 00:00:22]} Rxe1 {[%clk
00:06:30]} {[%emt 00:00:21]} 32. Kxe1 {[%clk 00:48:49]} {[%emt 00:00:11]} Ra8
{[%clk 00:06:43]} {[%emt 00:00:18]} 33. Ne2 {[%clk 00:48:48]} {[%emt 00:00:31]}
Nxa2 {[%clk 00:06:11]} {[%emt 00:01:02]} 34. Kd1 {[%clk 00:48:46]} {[%emt
00:00:31]} Nc3+ {[%clk 00:05:40]} {[%emt 00:01:01]} 35. Nxc3 {[%clk 00:48:59]}
{[%emt 00:00:16]} bxc3 {[%clk 00:06:01]} {[%emt 00:00:10]} 36. Rc2 {[%clk
00:49:10]} {[%emt 00:00:19]} Ra1+ {[%clk 00:06:02]} {[%emt 00:00:29]} 37. Ke2
{[%clk 00:49:25]} {[%emt 00:00:15]} Ra3 {[%clk 00:05:04]} {[%emt 00:01:28]} 38.
Rxc3 {[%clk 00:49:37]} {[%emt 00:00:18]} Ra2+ {[%clk 00:05:23]} {[%emt
00:00:11]} 39. Kd3 {[%clk 00:49:50]} {[%emt 00:00:17]} Rxh2 {[%clk 00:05:43]}
{[%emt 00:00:11]} 40. Kc4 {[%clk 00:49:59]} {[%emt 00:00:20]} dxc5 {[%clk
00:04:47]} {[%emt 00:01:27]} 41. Kxc5 {[%clk 00:49:52]} {[%emt 00:00:37]} Ra2
{[%clk 00:05:00]} {[%emt 00:00:18]} 42. Kc6 {[%clk 00:50:05]} {[%emt 00:00:17]}
Ra7 {[%clk 00:04:50]} {[%emt 00:00:41]} 43. Rc5 {[%clk 00:50:05]} {[%emt
00:00:29]} Kg7 {[%clk 00:04:13]} {[%emt 00:01:07]} 44. d5 {[%clk 00:50:03]}
{[%emt 00:00:32]} Kf7 {[%clk 00:03:56]} {[%emt 00:00:48]} 45. Kd7 {[%clk
00:50:19]} {[%emt 00:00:13]} c6+ {[%clk 00:03:29]} {[%emt 00:00:56]} 46. Kxc6
{[%clk 00:50:30]} {[%emt 00:00:19]} Ke7 {[%clk 00:03:26]} {[%emt 00:00:35]} 47.
d6+ {[%clk 00:50:46]} {[%emt 00:00:13]} Ke6 {[%clk 00:03:12]} {[%emt 00:00:45]}
48. Re5 {[%clk 00:51:07]} {[%emt 00:00:09]} Kf7 {[%clk 00:03:12]} {[%emt
00:00:30]} 49. b4 {[%clk 00:51:02]} {[%emt 00:00:36]} Ra6+ {[%clk 00:03:18]}
{[%emt 00:00:24]} 50. Kc5 {[%clk 00:51:19]} {[%emt 00:00:12]} h5 {[%clk
00:02:37]} {[%emt 00:01:12]} 51. b5 {[%clk 00:51:40]} {[%emt 00:00:08]} Ra8
{[%clk 00:02:52]} {[%emt 00:00:15]} 52. d7 {[%clk 00:51:57]} {[%emt 00:00:13]}
h4 {[%clk 00:03:12]} {[%emt 00:00:11]} 53. Kc6 {[%clk 00:52:01]} {[%emt
00:00:26]} h3 {[%clk 00:03:27]} {[%emt 00:00:15]} 54. Re2 {[%clk 00:52:24]}
{[%emt 00:00:06]} h2 {[%clk 00:02:52]} {[%emt 00:01:05]} 55. Rxh2 {[%clk
00:52:46]} {[%emt 00:00:07]} Ke7 {[%clk 00:03:15]} {[%emt 00:00:08]} 56. Re2+
{[%clk 00:53:02]} {[%emt 00:00:14]} Kf7 {[%clk 00:03:17]} {[%emt 00:00:28]} 57.
b6 {[%clk 00:53:23]} {[%emt 00:00:09]} Rf8 {[%clk 00:02:50]} {[%emt 00:00:58]}
58. Kc7 {[%clk 00:53:45]} {[%emt 00:00:08]} 1-0

[Event "Campionat de Catalunya 2021 Sub 10-14"]
[Site "Salou"]
[Date "2021.03.31"]
[Round "8.6"]
[White "Lambert Pont, James"]
[Black "Tarrago Plaza, Marc"]
[Result "1/2-1/2"]
[WhiteFideId "54564816"]
[BlackFideId "54578990"]
[WhiteElo "1585"]
[BlackElo "1340"]

1. d4 {[%clk 01:30:42]} {[%emt 00:00:16]} Nf6 {[%clk 01:30:41]} {[%emt
00:00:19]} 2. Bf4 {[%clk 01:30:18]} {[%emt 00:00:54]} g6 {[%clk 01:30:52]}
{[%emt 00:00:18]} 3. Nc3 {[%clk 01:29:41]} {[%emt 00:01:07]} Bg7 {[%clk
01:30:11]} {[%emt 00:01:11]} 4. e4 {[%clk 01:29:02]} {[%emt 00:01:09]} c5
{[%clk 01:21:55]} {[%emt 00:08:46]} 5. d5 {[%clk 01:11:13]} {[%emt 00:18:20]}
d6 {[%clk 01:21:28]} {[%emt 00:00:56]} 6. f3 {[%clk 01:10:47]} {[%emt
00:00:56]} a6 {[%clk 01:19:04]} {[%emt 00:02:54]} 7. Qd2 {[%clk 01:03:07]}
{[%emt 00:08:09]} h5 {[%clk 01:17:47]} {[%emt 00:01:47]} 8. a3 {[%clk
01:00:33]} {[%emt 00:03:05]} b5 {[%clk 01:15:38]} {[%emt 00:02:38]} 9. Nd1
{[%clk 00:51:10]} {[%emt 00:09:53]} Nbd7 {[%clk 01:12:16]} {[%emt 00:03:52]} 10.
Nf2 {[%clk 00:49:22]} {[%emt 00:02:19]} Qb6 {[%clk 01:08:04]} {[%emt 00:04:43]}
11. Nd3 {[%clk 00:40:41]} {[%emt 00:09:11]} a5 {[%clk 01:03:10]} {[%emt
00:05:24]} 12. Be3 {[%clk 00:40:12]} {[%emt 00:00:59]} Qc7 {[%clk 01:02:30]}
{[%emt 00:01:09]} 13. Ne2 {[%clk 00:32:07]} {[%emt 00:08:36]} Nb6 {[%clk
01:00:37]} {[%emt 00:02:23]} 14. Nc3 {[%clk 00:31:29]} {[%emt 00:01:03]} Ba6
{[%clk 00:58:07]} {[%emt 00:03:05]} 15. Nf4 {[%clk 00:29:04]} {[%emt 00:02:55]}
c4 {[%clk 00:47:43]} {[%emt 00:10:54]} 16. Nfe2 {[%clk 00:26:35]} {[%emt
00:02:58]} Nc8 {[%clk 00:24:55]} {[%emt 00:23:18]} 17. Nd4 {[%clk 00:22:26]}
{[%emt 00:04:40]} Na7 {[%clk 00:24:48]} {[%emt 00:00:38]} 18. g3 {[%clk
00:17:10]} {[%emt 00:05:46]} Qb7 {[%clk 00:23:04]} {[%emt 00:02:13]} 19. Bg2
{[%clk 00:13:02]} {[%emt 00:04:38]} O-O {[%clk 00:21:56]} {[%emt 00:01:38]} 20.
h4 {[%clk 00:09:43]} {[%emt 00:03:49]} b4 {[%clk 00:21:42]} {[%emt 00:00:44]}
21. axb4 {[%clk 00:09:58]} {[%emt 00:00:15]} axb4 {[%clk 00:22:04]} {[%emt
00:00:08]} 22. Na2 {[%clk 00:10:07]} {[%emt 00:00:20]} Nb5 {[%clk 00:20:18]}
{[%emt 00:02:17]} 23. Nxb4 {[%clk 00:08:51]} {[%emt 00:01:46]} c3 {[%clk
00:18:42]} {[%emt 00:02:05]} 24. bxc3 {[%clk 00:08:34]} {[%emt 00:00:47]} Nxd4
{[%clk 00:18:30]} {[%emt 00:00:43]} 25. Bxd4 {[%clk 00:08:12]} {[%emt
00:00:52]} Bc4 {[%clk 00:18:23]} {[%emt 00:00:37]} 26. Kf2 {[%clk 00:07:52]}
{[%emt 00:00:51]} e6 {[%clk 00:17:15]} {[%emt 00:01:37]} 27. Rhb1 {[%clk
00:03:51]} {[%emt 00:04:31]} Rxa1 {[%clk 00:17:21]} {[%emt 00:00:24]} 28. Rxa1
{[%clk 00:04:20]} {[%emt 00:00:01]} exd5 {[%clk 00:16:44]} {[%emt 00:01:06]} 29.
exd5 {[%clk 00:04:07]} {[%emt 00:00:43]} Re8 {[%clk 00:16:34]} {[%emt
00:00:40]} 30. Bf1 {[%clk 00:03:26]} {[%emt 00:01:11]} Bxf1 {[%clk 00:15:50]}
{[%emt 00:01:14]} 31. Kxf1 {[%clk 00:02:40]} {[%emt 00:01:16]} Nxd5 {[%clk
00:15:27]} {[%emt 00:00:53]} 32. Bxg7 {[%emt 00:01:47]} Nxb4 {[%clk 00:15:22]}
{[%emt 00:00:26]} 33. cxb4 {[%clk 00:01:07]} {[%emt 00:00:56]} Qxf3+ {[%clk
00:15:39]} {[%emt 00:00:13]} 34. Qf2 {[%clk 00:01:07]} {[%emt 00:00:30]} Qh1+
{[%clk 00:15:57]} {[%emt 00:00:11]} 35. Qg1 {[%clk 00:01:23]} {[%emt 00:00:15]}
Qf3+ {[%clk 00:16:18]} {[%emt 00:00:08]} 36. Qf2 {[%clk 00:01:21]} {[%emt
00:00:32]} Qh1+ {[%clk 00:16:38]} {[%emt 00:00:09]} 1/2-1/2

[Event "Campionat de Catalunya 2021 Sub 10-14"]
[Site "Salou"]
[Date "2021.03.31"]
[Round "8.7"]
[White "Arjona Bereza, Ivan"]
[Black "Herman Gamazo, Isaac"]
[Result "0-1"]
[WhiteFideId "54724007"]
[BlackFideId "54586470"]
[WhiteElo "1093"]
[BlackElo "1542"]

1. e4 {[%clk 01:30:59]} e5 {[%clk 01:30:31]} {[%emt 00:00:29]} 2. Nc3 {[%clk
01:30:01]} {[%emt 00:01:28]} Nf6 {[%clk 01:30:45]} {[%emt 00:00:16]} 3. Bc4
{[%clk 01:30:22]} {[%emt 00:00:10]} Bc5 {[%clk 01:30:36]} {[%emt 00:00:39]} 4.
f4 {[%clk 01:30:01]} {[%emt 00:00:51]} d5 {[%clk 01:30:47]} {[%emt 00:00:19]} 5.
Bxd5 {[%clk 01:26:00]} {[%emt 00:04:31]} Ng4 {[%clk 01:29:31]} {[%emt
00:01:46]} 6. Nh3 {[%clk 01:19:46]} {[%emt 00:06:43]} Qh4+ {[%clk 01:29:38]}
{[%emt 00:00:24]} 7. Kf1 {[%clk 01:14:38]} {[%emt 00:05:38]} Nf2 {[%clk
01:29:22]} {[%emt 00:00:45]} 8. Bxf7+ {[%clk 01:09:40]} {[%emt 00:05:29]} Kxf7
{[%clk 01:23:31]} {[%emt 00:06:21]} 9. Ng5+ {[%clk 01:09:55]} {[%emt 00:00:14]}
Qxg5 {[%clk 01:21:37]} {[%emt 00:02:24]} 10. fxg5 {[%clk 01:08:21]} {[%emt
00:02:04]} Nxd1 {[%clk 01:22:00]} {[%emt 00:00:07]} 11. Nxd1 {[%clk 01:07:24]}
{[%emt 00:01:27]} Be6 {[%clk 01:22:08]} {[%emt 00:00:23]} 12. b3 {[%clk
01:07:13]} {[%emt 00:00:41]} Nc6 {[%clk 01:22:18]} {[%emt 00:00:20]} 13. Nc3
{[%clk 01:07:24]} {[%emt 00:00:19]} Nd4 {[%clk 01:22:38]} {[%emt 00:00:10]} 14.
Na4 {[%clk 01:05:58]} {[%emt 00:01:57]} Be7 {[%clk 01:22:44]} {[%emt 00:00:24]}
15. c3 {[%clk 01:05:40]} {[%emt 00:00:49]} Nb5 {[%clk 01:22:32]} {[%emt
00:00:42]} 16. h4 {[%clk 01:05:37]} {[%emt 00:00:32]} Rhf8 {[%clk 01:22:44]}
{[%emt 00:00:18]} 17. Ke1 {[%clk 01:05:01]} {[%emt 00:01:06]} b6 {[%clk
01:22:39]} {[%emt 00:00:35]} 18. d3 {[%clk 01:03:29]} {[%emt 00:02:02]} Rad8
{[%clk 01:22:34]} {[%emt 00:00:34]} 19. c4 {[%clk 01:00:01]} {[%emt 00:03:59]}
Nd4 {[%clk 01:22:45]} {[%emt 00:00:18]} 20. Kd2 {[%clk 00:59:11]} {[%emt
00:01:20]} Bb4+ {[%clk 01:23:00]} {[%emt 00:00:15]} 21. Nc3 {[%clk 00:59:00]}
{[%emt 00:00:41]} Ke7 {[%clk 01:23:02]} {[%emt 00:00:35]} 22. Bb2 {[%clk
00:57:06]} {[%emt 00:02:18]} Rf2+ {[%clk 01:23:18]} {[%emt 00:00:14]} 23. Kc1
{[%clk 00:57:19]} {[%emt 00:00:17]} Rdf8 {[%clk 01:23:23]} {[%emt 00:00:23]} 24.
a4 {[%clk 00:54:10]} {[%emt 00:03:41]} Rc2+ {[%clk 01:23:21]} {[%emt 00:00:31]}
25. Kb1 {[%clk 00:52:46]} {[%emt 00:01:54]} Bxc3 {[%clk 01:23:08]} {[%emt
00:00:44]} 26. Ba3+ {[%clk 00:52:39]} {[%emt 00:00:36]} c5 {[%clk 01:23:28]}
{[%emt 00:00:09]} 0-1